000 01354nam a2200217 i 4500
001 43780
003 ES-MaACL
005 20251113180109.0
007 t|
008 030318s1841 sp ||||1| spa d
245 0 0 _aCausas formadas a consecuencia de la Sedición militar que tuvo lugar en esta corte en la noche del 7 de octubre de 1841 /
_cpublicado por Nemesio Fernández Cuesta, Francisco de Paula Madrazo y Juan Pérez Calvo.
250 _a2ª ed.
260 _aMadrid :
_b[s.n.],
_c1841 (
_fImp. de Salvador Albert)
300 _a1 v. ;
_c19 cm.
505 8 _aContiene: Causa de los generales Diego León y Manuel de la Concha. Causa del brigadier de infantería Fernando Norzagoray. Causa del brigadier Gregorio Quiroga y Frias y del Conde de Requena. Sumario en averiguación de la conducta que observaron varios sugetos [sic] en la citada noche. Causa de varios gefes [sic] y oficiales del Regimiento de Infantería de la Primera. Causa del Teniente Coronel Dámaso Fulgosio y del Coronel José Fulgosio. Causa del Comandante José María Marquesí, de los capitanes de la guardia Pedro Fontes y Juan Ortega
700 1 _aFernández Cuesta, Nemesio,
_d1818-1893
_949614
700 0 _aMadrazo, Francisco de Paula.
_975338
700 1 _aPérez Calvo, Juan,
_dm.1870
_990698
852 _aES-MaACL
_jG-11095
999 _c43780
_d43780